| 000 | 00366nam a22001457a 4500 | ||
|---|---|---|---|
| 005 | 20250721145139.0 | ||
| 008 | 250721b |||||||| |||| 00| 0 eng d | ||
| 020 | _a9780896937543 | ||
| 050 |
_aBS2785 _b.3 WIE |
||
| 100 | _aWIERSBE WARREN W. | ||
| 245 | _aBE MATURE C | ||
| 260 |
_aPARIS _bCOOK COMMUNICATIONS MINISTRIES _c2004 |
||
| 300 | _a176p | ||
| 942 |
_2lcc _cBK _n0 |
||
| 999 |
_c7066 _d7066 |
||